| 000 | 00334nam a22001337a 4500 | ||
|---|---|---|---|
| 008 | 180925b xxu||||| |||| 00| 0 eng d | ||
| 020 | _a9780470038567 | ||
| 041 | _aeng | ||
| 080 | _a004 | ||
| 100 | _a37 | ||
| 101 | _aSHK | ||
| 245 |
_aMai And Internet Surveys The Tailored Design Method _cDillman.d.A |
||
| 942 |
_2udc _cBK |
||
| 999 |
_c48448 _d48448 |
||